| 000 | 00647nam a2200205 i 4500 | ||
|---|---|---|---|
| 001 | 68647 | ||
| 003 | ES-MaACL | ||
| 005 | 20230906170327.0 | ||
| 007 | t| | ||
| 008 | 960826s1870 sp ||||1| spa d | ||
| 040 |
_aCAM _bspa _cCAM |
||
| 100 | 1 |
_aGerard, Jules. _956407 |
|
| 245 | 1 | 3 |
_aEl matador de leones / _cJulio Gerard ; traducción de F. P. y C. |
| 260 |
_aMadrid : _b[s.a.], _c1870 ( _fImprenta de Manuel Tello) |
||
| 300 |
_a67 p. ; _c28 cm. |
||
| 490 | 1 | _aBiblioteca literaria económica | |
| 830 | 0 |
_aBiblioteca literaria económica _9230952 |
|
| 852 |
_aES-MaACL _jFol-Laf-33 _z.- Legado M. de la Fuente |
||
| 999 |
_c68647 _d68647 |
||